000 00310nam a22001337a 4500
008 181101b xxu||||| |||| 00| 0 eng d
020 _a0517543702
041 _aeng
080 _a574
100 _a9
101 _aMJE
245 _aThe Cambridge Encyclopedia of Earth Sciences
_cSmith, S.G
942 _2udc
_cBK
999 _c51534
_d51534